|
|
|
|
| LEADER |
00000nas a2200000 a 4500 |
| 001 |
vtls010661496 |
| 003 |
SK-MaSNL |
| 005 |
20260228161135.0 |
| 008 |
160430c20119999xo qr 0 0slo |
| 022 |
|
|
|a 1339-7478
|
| 040 |
|
|
|a SNK
|b slo
|c SNK
|e AACR2
|
| 041 |
0 |
|
|a slo
|a hun
|
| 044 |
|
|
|a xo
|c SK
|
| 072 |
|
7 |
|a 316
|x Sociológia
|2 konspekt
|
| 080 |
|
|
|a 316.728
|2 2001
|
| 080 |
|
|
|a 050
|2 2001
|
| 080 |
|
|
|a 352
|2 2001
|
| 080 |
|
|
|a 394
|2 2001
|
| 080 |
|
|
|a 908
|2 2001
|
| 080 |
|
|
|a (437.6)
|2 2001
|
| 210 |
0 |
|
|a Galšanské nov.
|
| 222 |
|
0 |
|a Galšanské noviny
|
| 245 |
0 |
0 |
|a Galšanské noviny
|b noviny obce Holiša
|
| 260 |
|
|
|a Holiša
|b Obecný úrad Holiša
|c 2011-
|
| 300 |
|
|
|a zv.
|c 21
|
| 310 |
|
|
|a 4x ročne
|
| 362 |
0 |
|
|a Roč. 1, č. 1 (2011)-
|
| 500 |
|
|
|a Evidenčné č. MK SR: EV4379/11
|
| 500 |
|
|
|a Každé druhé č. je v maďarskom jazyku
|
| 650 |
0 |
7 |
|a spoločenský život
|2 SNKPH
|9 28654
|
| 651 |
|
7 |
|a Holiša (Slovensko)
|2 SNKPH
|9 62840
|
| 655 |
|
7 |
|a miestne noviny
|2 SNKPH
|9 268064
|
| 910 |
|
|
|a snk
|
| 916 |
|
|
|a 2011-2014
|
| 999 |
|
|
|c 4466
|d 6396
|
| 952 |
|
|
|0 0
|1 0
|4 0
|7 0
|8 0
|a SNK
|b SNK
|d 2016-01-22
|i snk2016/1643
|l 0
|o snkČSC 3602/1/2011
|p 17A1147077
|r 2026-02-21 21:53:43
|t č. 1-4
|w 2026-02-21
|y PREZ
|
| 952 |
|
|
|0 0
|1 0
|4 0
|7 0
|8 0
|a SNK
|b SNK
|d 2016-01-22
|i snk2016/1655
|l 0
|o snkČSC 3602/2/2012
|p 17A1147078
|r 2026-02-21 21:53:43
|t č. 1-4
|w 2026-02-21
|y PREZ
|
| 952 |
|
|
|0 0
|1 0
|4 0
|7 0
|8 0
|a SNK
|b SNK
|d 2016-01-22
|i snk2016/1656
|l 0
|o snkČSC 3602/3/2013
|p 17A1147079
|r 2026-02-21 21:53:43
|t č. 1-4
|w 2026-02-21
|y PREZ
|
| 952 |
|
|
|0 0
|1 0
|4 0
|7 0
|8 0
|a SNK
|b SNK
|d 2016-01-22
|i snk2016/1657
|l 0
|o snkČSC 3602/4/2014
|p 17A1147080
|r 2026-02-21 21:53:43
|t č. 1-4
|w 2026-02-21
|y PREZ
|